000 00441nam a2200169 a 4500
005 20140310183348.0
008 070526s19uu xx 00 eng d
020 _a0446329169
050 _aPR 6056
_b.Sh544 1981
100 _aSheldon, Sidney
245 _aRage of angels /
_cSidney Sheldon.
260 _aNew York :
_bWarner Books Inc,
_c1981.
300 _a504 p. :
_c18 cm.
650 _aFiction.
942 _cBK
_2lcc
999 _c22011
_d22011